Úrokové a kreditné riziko u dlhopisov bakalárska práca

Saved in:
Bibliographic Details
Main Author: Turčáková, Veronika
Corporate Author: Fakulta hospodárskej informatiky EU. Katedra matematiky a aktuárstva
Other Authors: Kaderová, Andrea
Format: Book
Language:Slovak
Published: Bratislava 2014
Tags: Add Tag
No Tags, Be the first to tag this record!

MARC

LEADER 00000nbm a2200000 4500
001 0189913
005 20170201112943.6
041 0 |a slo 
044 |a SK 
245 1 0 |a Úrokové a kreditné riziko u dlhopisov  |b bakalárska práca  |c Veronika Turčáková ; školiteľ: Andrea Kaderová 
264 1 |a Bratislava  |c 2014 
300 |a 52 s. 
100 1 |a Turčáková, Veronika 
700 1 |a Kaderová, Andrea 
710 2 |a Fakulta hospodárskej informatiky EU. Katedra matematiky a aktuárstva